Yüklüyor......
Ente keralam
| Yazar: | |
|---|---|
| Materyal Türü: | Printed Book |
| Dil: | English |
| Baskı/Yayın Bilgisi: |
Kozhikode
Mathrubhumi Books
2009
|
| Edisyon: | 3rd ed. |
| Konular: |
| LEADER | 00585nam a22001937a 4500 | ||
|---|---|---|---|
| 005 | 20151026132838.0 | ||
| 008 | 101001t xxu||||| |||| 00| 0 eng d | ||
| 020 | |a 9788182646988 | ||
| 041 | |a Malayalam | ||
| 080 | |a 89M-992 |b RAV | ||
| 100 | |a Ravindran |9 13322 | ||
| 245 | |a Ente keralam | ||
| 250 | |a 3rd ed. | ||
| 260 | |a Kozhikode |b Mathrubhumi Books |c 2009 | ||
| 300 | |a 256p. | ||
| 653 | |a Keralam-Travelogue | ||
| 942 | |c BK |6 _ | ||
| 999 | |c 57377 |d 57377 | ||
| 952 | |0 0 |1 0 |2 udc |4 0 |6 89M992_RAV |7 0 |9 70215 |a UL |b UL |c GEN |d 2010-10-01 |l 12 |m 2 |o 89M-992 RAV |p 00063090 |r 2015-04-29 |s 2015-04-21 |w 2010-10-01 |y BK | ||